Historical Communist States of the World - Statistics

General Stats
  • This quiz has been taken 35 times
    9 since last reset
  • The average score is 54 of 127
Answer Stats
Existed Answer % Correct
1919-1922 Byelorussian Soviet Socialist Republic
100%
1948-1989 Czechoslovak Socialist Republic
100%
1947-1989 Polish People's Republic
100%
1919-1922 Ukrainian Soviet Socialist Republic
100%
1946-1992 Albanian People's Republic
89%
1945-1946 Azerbaijan People's Government
89%
1931-1937 Chinese Soviet Republic
89%
1948-Present Democratic People's Republic of Korea
89%
1918-1921 Democratic Republic of Georgia
89%
1918-1919 Estonian Workers' Commune
89%
1949-1990 German Democratic Republic
89%
1975-Present Lao People's Democratic Republic
89%
1918-1920 Latvian Socialist Soviet Republic
89%
1949-Present People's Republic of China
89%
1961-Present Republic of Cuba
89%
1941 Republic of Užice
89%
1947-1989 Romanian People's Republic
89%
1917-1922 Russian Soviet Federative Socialist Republic
89%
1945-1992 Socialist Federal Republic of Yugoslavia
89%
1976-Present Socialist Republic of Vietnam
89%
1969-1991 Somali Democratic Republic
89%
1922-1991 Union of Soviet Socialist Republics
89%
1999-Present Bolivarian Republic of Venezuela
78%
1946-1989 Bulgarian People's Republic
78%
1983-1987 Burkina Faso
78%
1975-1979 Democratic Kampuchea
78%
1949-1989 Hungarian People's Republic
78%
1919 Hungarian Soviet Republic
78%
1945 Inner Mongolian People's Republic
78%
1919 Lithuanian–Byelorussian Soviet Socialist Republic
78%
1924-1992 Mongolian People's Republic
78%
1967-1990 People's Democratic Republic of Yemen
78%
1975-1992 People's Republic of Angola
78%
1979-1989 People's Republic of Kampuchea
78%
1945-1946 People's Republic of Korea
78%
1947-1950 Provisional Democratic Government of Greece
78%
1968-2003 Republic of Iraq
78%
1920-1921 Socialist Soviet Republic of Gilan
78%
1963-2024 Syrian Arab Republic
78%
1978-1987 Democratic Republic of Afghanistan
67%
1918 Finnish Socialist Workers' Republic
67%
1987-1992 Islamic Republic of Afghanistan
67%
1936-1939 National Confederation of Labor
67%
1974–1991 People's Democratic Republic of Ethiopia
67%
1974-1990 People's Republic of Benin
67%
1970-1973 Republic of Chile
67%
1979-1983 Republic of Grenada
67%
1979-1990 Republic of Nicaragua
67%
1977-2011 Socialist People's Libyan Arab Jamahiriya
67%
1932 Socialist Republic of Chile
67%
1991-Present State of Eritrea
67%
1871 Paris Commune
56%
1962-1989 People's Democratic Republic of Algeria
56%
1969-1992 People's Republic of the Congo
56%
1956-1970 Republic of Egypt
56%
1962-1988 Socialist Republic of the Union of Burma
56%
1975-1990 People's Republic of Mozambique
44%
1958-1984 People's Revolutionary Republic of Guinea
44%
2006-Present Plurinational State of Bolivia
44%
1960-1968 Republic of Mali
44%
1957-1958 Republic of Niger
44%
1921-1944 Tuvan People's Republic
44%
1975-1992 Democratic Republic of Madagascar
33%
2006-Present Federal Democratic Republic of Nepal
33%
1963-1974 Liberated Zones of Guinea-Bissau
33%
1990-1991 Pridnestrovian Moldavian Soviet Socialist Republic
33%
2007-2017 Republic of Ecuador
33%
1974-1991 Republic of Guinea-Bissau
33%
1990-1991 Republic of Kuwait
33%
1944-1946 Second East Turkestan Republic
33%
1967-1985 United Republic of Tanzania
33%
1919 Bavarian Soviet Republic
22%
1970-1985 Co-operative Republic of Guyana
22%
1893-1895 New Australia
22%
1966-1976 Republic of Burundi
22%
1975-1981 Republic of Cape Verde
22%
1968–1979 Republic of Equatorial Guinea
22%
1946 Republic of Mahabad
22%
1983-2013 Republic of South Sudan
22%
1919 Slovak Soviet Republic
22%
1922 Transcaucasian Socialist Federative Soviet Republic
22%
1958-1961 United Arab Republic
22%
1918-1919 Bremen Soviet Republic
11%
1920-1924 Bukharan People's Soviet Republic
11%
1994-Present Chiapas (EZLN)
11%
1975 Democratic Republic of East Timor
11%
1954-1975 Democratic Republic of Vietnam
11%
1920-1923 Khorezm People's Soviet Republic
11%
1981 National Revolutionary Council of The Gambia
11%
1922 Rand Soviet
11%
1975-1976 Republic of Cabinda
11%
1957-1966 Republic of Ghana
11%
1945-1957 Republic of San Marino
11%
1960-2000 Republic of Senegal
11%
1960-1962 Republic of South Kasai
11%
1964-1969 Republic of Tunisia
11%
1980-1991 Republic of Vanuatu
11%
1964-1991 Republic of Zambia
11%
1976-Present Sahrawi Arab Democratic Republic
11%
1918 Alsace-Lorraine Soviet Republic
0%
1855-1932 Amana Colonies
0%
1934 Asturian Commune
0%
2016-Present Autonomous Administration of North & East Syria
0%
1841-1847 Brook Farm
0%
1958-1964 El Pato Republic
0%
1921-1922 Free State of Fiume
0%
1958-1964 Guayabero Republic
0%
1848-1898 Icarian Communes
0%
1921-1939 Life and Labor Commune
0%
1919 Limerick Soviet
0%
1958-1964 Marquetalia Republic
0%
1911-1920 Morelos (ELDS)
0%
1825-1829 New Harmony
0%
1843-1856 North American Phalanx
0%
1848-1881 Oneida Community
0%
1964 People's Republic of Zanzibar
0%
1919 Prekmurje Republic
0%
1977-1991 Republic of Seychelles
0%
1958-1964 Riochiquito Republic
0%
1958-1964 September 26 Republic
0%
1921 Serbian-Hungarian Baranya-Baja Republic
0%
1774-1947 Shaker Communes
0%
1958-1964 Southeast Tolima Republic
0%
1958-1964 Sumapaz Republic
0%
1918-1919 Tarnobrzeg Republic
0%
1958-1964 Tequendama Republic
0%
1915-1924 Yucatan (PSS)
0%
No matching quizzes found
Score Distribution
Percent of People with Each Score
Percentile by Number Answered
Your Score History
You have not taken this quiz since the last reset